000
00301nam a2200109Ia 4500
008
200302s9999 xx 000 0 und d
100
_a
John E. Traister
245
_a
Electrical Design for Building Construction 2nd ed.
260
_b
Mcgraw- hill International Book co.,
260
_c
1985
300
_a
211 P.,
999
_c
28
_d
28